| 000 | 00729nam a2200217Ia 4500 | ||
|---|---|---|---|
| 003 | GCL | ||
| 008 | 140319s9999 xx 000 0 ara d | ||
| 040 |
_aGCL / _cGCL |
||
| 082 | 0 | 4 |
_aق _b953.0962 _bم غ |
| 100 | 1 | _aاحمد احمد الحتة | |
| 245 | 1 | 0 |
_aالغزو العثمانى لمصر ونتائجه على الوطن العربى / _cاحمد احمد الحتة |
| 700 | 1 | _aمحمد عبدالمنعم السيد الراقد | |
| 300 | _a492 | ||
| 490 |
_aكتاب _v0 |
||
| 650 | 0 | 4 | _aمصر |
| 650 | 0 | 4 | _aتاريخ |
| 650 | 0 | 4 | _aالوطن العربى |
| 650 | 0 | 4 | _aالامبراطورية العثمانية |
| 650 | 0 | 4 | _aالامبراطورية العثمانية (1917-1640م) |
| 942 |
_2ddc _cBK |
||
| 999 |
_c42348 _d42348 |
||